[Event "festival54"]
[Site "?"]
[Date "2016.02.17"]
[Round "8.5"]
[White "Migot, Tangi"]
[Black "Adrian, Claude"]
[Result "1/2-1/2"]
[LiveChessVersion "1.4.7"]
[BlackElo "2202"]
[WhiteElo "2397"]

1. e4 {[%clk 1:30:58]} c5 {[%clk 1:28:06]} 2. Nf3 {[%clk 1:31:21]} g6
{[%clk 1:28:33]} 3. d4 {[%clk 1:31:14]} cxd4 {[%clk 1:28:21]} 4. Nxd4
{[%clk 1:31:39]} Nc6 {[%clk 1:28:42]} 5. c4 {[%clk 1:31:27]} Bg7 {[%clk 1:28:47]}
6. Be3 {[%clk 1:31:47]} Nh6 {[%clk 1:29:08]} 7. Nc3 {[%clk 1:27:09]} d6
{[%clk 1:27:47]} 8. h3 {[%clk 1:22:53]} f5 {[%clk 1:27:18]} 9. exf5
{[%clk 1:16:37]} Nxf5 {[%clk 1:25:30]} 10. Nxf5 {[%clk 1:17:00]} Bxf5
{[%clk 1:25:55]} 11. Be2 {[%clk 1:16:24]} O-O {[%clk 1:25:48]} 12. Qd2
{[%clk 1:15:35]} Qa5 {[%clk 1:22:37]} 13. Rc1 {[%clk 1:13:14]} Rf7
{[%clk 1:19:36]} 14. O-O {[%clk 1:10:53]} Raf8 {[%clk 1:18:59]} 15. Rfd1
{[%clk 1:04:32]} Kh8 {[%clk 1:13:48]} 16. b3 {[%clk 1:01:40]} b6 {[%clk 0:52:57]}
17. Bd3 {[%clk 0:39:39]} Bxd3 {[%clk 0:38:05]} 18. Qxd3 {[%clk 0:39:54]} Qh5
{[%clk 0:38:00]} 19. Qd5 {[%clk 0:27:43]} Ne5 {[%clk 0:34:33]} 20. Ne4
{[%clk 0:21:32]} Bh6 {[%clk 0:29:18]} 21. Ng3 {[%clk 0:17:13]} Qh4
{[%clk 0:28:38]} 22. Qe4 {[%clk 0:13:47]} Qxe4 {[%clk 0:25:31]} 23. Nxe4
{[%clk 0:14:14]} Bxe3 {[%clk 0:25:33]} 24. fxe3 {[%clk 0:14:40]} Kg7
{[%clk 0:23:36]} 25. Rc2 {[%clk 0:12:05]} h6 {[%clk 0:23:14]} 26. Nc3
{[%clk 0:09:22]} g5 {[%clk 0:21:19]} 27. Ne4 {[%clk 0:08:28]} g4 {[%clk 0:19:25]}
28. Nf2 {[%clk 0:04:25]} h5 {[%clk 0:19:26]} 29. hxg4 {[%clk 0:04:14]} hxg4
{[%clk 0:19:14]} 30. Nd3 {[%clk 0:01:49]} Nxd3 {[%clk 0:18:42]} 31. Rxd3
{[%clk 0:01:21]} Kg6 {[%clk 0:19:03]} 32. Re2 {[%clk 0:01:23]} Rf6
{[%clk 0:18:05]} 33. Rc2 {[%clk 0:01:24]} R6f7 {[%clk 0:18:28]} 34. Re2
{[%clk 0:01:48]} Rf6 {[%clk 0:18:50]} 35. Rc2 R6f7 36. Kh2 Kg5 37. Kg3 Kg6 38.
Kh2 Kg7 39. Kg1 g3 40. Rc1 Rf2 41. e4 Rxa2 42. Rxg3+ 1/2-1/2

[Event "festival54"]
[Site "?"]
[Date "2016.02.17"]
[Round "9.1"]
[White "Mager, Denis"]
[Black "Ninov, Nikolai"]
[Result "1/2-1/2"]
[LiveChessVersion "1.4.7"]
[BlackElo "2450"]
[WhiteElo "2239"]

1. c4 {[%clk 1:30:58]} c5 {[%clk 1:27:20]} 2. Nf3 {[%clk 1:31:18]} Nc6
{[%clk 1:24:39]} 3. d4 {[%clk 1:31:03]} cxd4 {[%clk 1:24:54]} 4. Nxd4
{[%clk 1:31:28]} Nf6 {[%clk 1:21:20]} 5. Nc3 {[%clk 1:31:41]} g6 {[%clk 1:19:59]}
6. e4 {[%clk 1:31:40]} Bg7 {[%clk 1:17:13]} 7. Be3 {[%clk 1:31:35]} d6
{[%clk 1:16:38]} 8. Be2 {[%clk 1:31:08]} O-O {[%clk 1:16:45]} 9. O-O
{[%clk 1:30:23]} Bd7 {[%clk 1:16:26]} 10. f3 {[%clk 1:29:30]} Qb6
{[%clk 1:09:31]} 11. Na4 {[%clk 1:22:19]} Qa5 {[%clk 1:08:14]} 12. Nc3
{[%clk 1:22:11]} Qb6 {[%clk 1:08:33]} 13. Na4 {[%clk 1:22:38]} Qa5
{[%clk 1:08:49]} 14. Nc3 {[%clk 1:23:04]} Qb6 1/2-1/2

[Event "festival54"]
[Site "?"]
[Date "2016.02.17"]
[Round "9.2"]
[White "Adrian, Claude"]
[Black "Le Corre, Benjamin"]
[Result "1/2-1/2"]
[LiveChessVersion "1.4.7"]
[BlackElo "2303"]
[WhiteElo "2202"]

1. Nf3 {[%clk 1:24:17]} Nf6 {[%clk 1:30:31]} 2. c4 {[%clk 1:24:32]} g6
{[%clk 1:30:53]} 3. g3 {[%clk 1:24:55]} Bg7 {[%clk 1:31:18]} 4. d4
{[%clk 1:25:16]} d6 {[%clk 1:31:41]} 5. Bg2 {[%clk 1:25:36]} O-O {[%clk 1:32:02]}
6. Nc3 {[%clk 1:25:58]} c6 {[%clk 1:32:26]} 7. O-O {[%clk 1:26:04]} Bf5
{[%clk 1:31:08]} 8. Nh4 {[%clk 1:25:10]} Bc8 {[%clk 1:29:07]} 9. Nf3
{[%clk 1:24:10]} Bf5 {[%clk 1:24:26]} 10. Nh4 {[%clk 1:22:32]} Bc8
{[%clk 1:23:36]} 11. Nf3 {[%clk 1:20:34]} Bf5 1/2-1/2

[Event "festival54"]
[Site "?"]
[Date "2016.02.17"]
[Round "9.3"]
[White "Pucher, Sebastien"]
[Black "Mohota, Nisha"]
[Result "1-0"]
[LiveChessVersion "1.4.7"]
[BlackElo "2257"]
[WhiteElo "2297"]

1. Nf3 {[%clk 1:30:53]} d5 {[%clk 1:30:02]} 2. c4 {[%clk 1:31:03]} d4
{[%clk 1:30:18]} 3. b4 {[%clk 1:30:19]} f6 {[%clk 1:30:26]} 4. e3
{[%clk 1:29:29]} e5 {[%clk 1:30:43]} 5. c5 {[%clk 1:29:23]} a5 {[%clk 1:30:48]}
6. Bb5+ {[%clk 1:29:22]} c6 {[%clk 1:30:56]} 7. Bc4 {[%clk 1:29:46]} axb4
{[%clk 1:30:14]} 8. Nxe5 {[%clk 1:16:09]} fxe5 {[%clk 1:30:15]} 9. Qh5+
{[%clk 1:16:32]} g6 {[%clk 1:30:17]} 10. Qxe5+ {[%clk 1:14:56]} Qe7
{[%clk 1:30:44]} 11. Qxh8 {[%clk 1:12:43]} Nf6 {[%clk 1:31:11]} 12. Bb2
{[%clk 1:04:57]} Be6 {[%clk 1:23:52]} 13. Bxe6 {[%clk 0:40:49]} Qxe6
{[%clk 1:24:07]} 14. g4 {[%clk 0:22:56]} Nbd7 {[%clk 0:55:29]} 15. g5
{[%clk 0:22:15]} Qe4 {[%clk 0:40:42]} 16. Rf1 {[%clk 0:10:29]} d3
{[%clk 0:39:44]} 17. f4 {[%clk 0:06:13]} Qg2 {[%clk 0:39:36]} 18. Rf2
{[%clk 0:06:25]} Qg1+ {[%clk 0:35:05]} 19. Rf1 {[%clk 0:06:53]} Qxh2
{[%clk 0:35:05]} 20. Rf2 {[%clk 0:07:11]} Qg1+ {[%clk 0:35:13]} 21. Rf1
{[%clk 0:07:38]} Qg4 {[%clk 0:35:25]} 22. Rf2 {[%clk 0:07:53]} Ne4
{[%clk 0:26:01]} 23. Qxh7 {[%clk 0:06:40]} Qg1+ {[%clk 0:21:33]} 24. Rf1
{[%clk 0:07:08]} Qg2 {[%clk 0:21:31]} 25. Qxg6+ {[%clk 0:07:15]} Kd8
{[%clk 0:21:44]} 26. Qh5 {[%clk 0:07:09]} Qxf1+ {[%clk 0:20:18]} 27. Kxf1
{[%clk 0:07:38]} Ng3+ {[%clk 0:20:42]} 28. Kg2 {[%clk 0:07:25]} Nxh5
{[%clk 0:21:09]} 29. f5 {[%clk 0:05:45]} Nxc5 {[%clk 0:16:50]} 30. Kf3
{[%clk 0:05:49]} Bd6 {[%clk 0:12:07]} 31. a3 {[%clk 0:00:32]} Ng3
{[%clk 0:06:24]} 32. axb4 {[%clk 0:00:37]} Rxa1 {[%clk 0:06:43]} 33. Bxa1
{[%clk 0:01:05]} Nb3 {[%clk 0:06:38]} 34. Bf6+ {[%clk 0:01:07]} Ke8
{[%clk 0:06:41]} 35. e4 {[%clk 0:00:53]} Ne2 {[%clk 0:02:43]} 36. Ke3
{[%clk 0:00:34]} Nbc1 {[%clk 0:01:36]} 37. e5 {[%clk 0:00:31]} Bxb4
{[%clk 0:01:52]} 38. g6 {[%clk 0:00:36]} Ng3 {[%clk 0:01:24]} 39. Kf4
{[%clk 0:00:31]} Nce2+ {[%clk 0:01:12]} 40. Kg4 {[%clk 0:00:38]} Ne4
{[%clk 0:01:18]} 41. Bh8 {[%clk 0:00:31]} Nd4 {[%clk 0:00:47]} 42. e6
{[%clk 0:00:32]} Bc5 {[%clk 0:00:39]} 43. Nc3 {[%clk 0:00:31]} Nf2+
{[%clk 0:00:36]} 44. Kg5 {[%clk 0:00:32]} Kf8 {[%clk 0:00:43]} 45. Bxd4
{[%clk 0:00:31]} Bxd4 {[%clk 0:01:03]} 46. f6 {[%clk 0:00:42]} Bxc3
{[%clk 0:00:52]} 47. g7+ {[%clk 0:00:32]} Kg8 {[%clk 0:01:20]} 48. dxc3
{[%clk 0:00:51]} Kh7 {[%clk 0:00:37]} 49. g8=Q+ Kxg8 {[%clk 0:01:02]} 50. Kg6
{[%clk 0:00:34]} Nh3 {[%clk 0:00:32]} 51. f7+ {[%clk 0:00:49]} Kf8
{[%clk 0:01:00]} 52. Kf6 {[%clk 0:01:12]} 1-0

[Event "festival54"]
[Site "?"]
[Date "2016.02.17"]
[Round "9.4"]
[White "Iglesias, Joachim"]
[Black "Micottis, Dorian"]
[Result "0-1"]
[LiveChessVersion "1.4.7"]
[BlackElo "2331"]
[WhiteElo "2308"]

1. d4 {[%clk 1:30:30]} Nf6 {[%clk 1:30:44]} 2. Nf3 {[%clk 1:31:23]} g6
{[%clk 1:30:48]} 3. Nbd2 {[%clk 1:31:47]} d5 {[%clk 1:30:59]} 4. b4
{[%clk 1:32:12]} Bg7 {[%clk 1:31:08]} 5. e3 {[%clk 1:32:37]} O-O {[%clk 1:31:26]}
6. Be2 {[%clk 1:33:03]} Nfd7 {[%clk 1:30:52]} 7. c4 {[%clk 1:30:47]} e5
{[%clk 1:26:43]} 8. cxd5 {[%clk 1:29:48]} exd4 {[%clk 1:24:37]} 9. Nxd4
{[%clk 1:29:53]} Nb6 {[%clk 1:24:44]} 10. Bb2 {[%clk 1:27:06]} Nxd5
{[%clk 1:23:16]} 11. a3 {[%clk 1:25:08]} Nf4 {[%clk 1:09:49]} 12. O-O
{[%clk 1:23:59]} Nxe2+ {[%clk 1:09:11]} 13. Qxe2 {[%clk 1:24:24]} Re8
{[%clk 1:09:28]} 14. Rfd1 {[%clk 1:20:20]} Nd7 {[%clk 1:01:33]} 15. Rac1
{[%clk 1:15:20]} c6 {[%clk 0:54:03]} 16. Nc4 {[%clk 1:14:26]} Qe7
{[%clk 0:53:37]} 17. Nd6 {[%clk 1:03:58]} Qxd6 {[%clk 0:46:19]} 18. Nf5
{[%clk 1:04:14]} Qxd1+ {[%clk 0:46:45]} 19. Rxd1 {[%clk 1:04:30]} gxf5
{[%clk 0:46:43]} 20. Bxg7 {[%clk 1:03:56]} Kxg7 {[%clk 0:46:56]} 21. Qh5
{[%clk 1:02:01]} Nf8 {[%clk 0:42:09]} 22. Qg5+ {[%clk 0:57:43]} Ng6
{[%clk 0:41:03]} 23. h4 {[%clk 0:57:44]} f6 {[%clk 0:40:08]} 24. Qg3
{[%clk 0:57:45]} h5 {[%clk 0:39:43]} 25. Qc7+ {[%clk 0:52:58]} Re7
{[%clk 0:40:48]} 26. Qd8 {[%clk 0:53:11]} b6 {[%clk 0:40:06]} 27. g3
{[%clk 0:53:33]} Bb7 {[%clk 0:36:55]} 28. Qd3 {[%clk 0:52:04]} Ne5
{[%clk 0:33:38]} 29. Qxf5 {[%clk 0:52:00]} Bc8 {[%clk 0:33:46]} 30. Qf4
{[%clk 0:50:56]} Bg4 {[%clk 0:32:21]} 31. Rd6 {[%clk 0:51:06]} Re6
{[%clk 0:31:24]} 32. Rxe6 {[%clk 0:48:54]} Bxe6 {[%clk 0:31:44]} 33. e4
{[%clk 0:48:48]} Rd8 {[%clk 0:29:32]} 34. Qe3 {[%clk 0:44:01]} Rd3
{[%clk 0:29:13]} 0-1

[Event "festival54"]
[Site "?"]
[Date "2016.02.17"]
[Round "9.5"]
[White "Jessel, Stephen"]
[Black "Migot, Tangi"]
[Result "1-0"]
[LiveChessVersion "1.4.7"]
[BlackElo "2397"]
[WhiteElo "2336"]

1. Nf3 {[%clk 1:30:54]} d5 {[%clk 1:28:36]} 2. c4 {[%clk 1:31:13]} d4
{[%clk 1:28:33]} 3. g3 {[%clk 1:31:37]} c5 {[%clk 1:28:13]} 4. b4
{[%clk 1:30:07]} cxb4 {[%clk 1:27:31]} 5. a3 {[%clk 1:30:27]} f6 {[%clk 1:27:00]}
6. Bg2 {[%clk 1:17:36]} e5 {[%clk 1:26:56]} 7. O-O {[%clk 1:16:48]} Nc6
{[%clk 1:26:35]} 8. d3 {[%clk 1:14:38]} a5 {[%clk 1:26:27]} 9. e3
{[%clk 1:01:05]} Bc5 {[%clk 1:25:22]} 10. axb4 {[%clk 0:56:44]} Nxb4
{[%clk 1:04:55]} 11. exd4 {[%clk 0:55:46]} Bxd4 {[%clk 1:05:19]} 12. Nxd4
{[%clk 0:54:09]} Qxd4 {[%clk 1:05:31]} 13. Ra3 {[%clk 0:50:09]} Ne7
{[%clk 0:46:54]} 14. Be3 {[%clk 0:37:31]} Qd8 {[%clk 0:32:54]} 15. Nc3
{[%clk 0:28:23]} Nec6 {[%clk 0:24:19]} 16. Nd5 {[%clk 0:17:43]} Ra6
{[%clk 0:17:59]} 17. Qh5+ {[%clk 0:14:52]} g6 {[%clk 0:13:54]} 18. Qh6
{[%clk 0:15:19]} Kf7 {[%clk 0:13:19]} 19. f4 {[%clk 0:14:58]} e4 {[%clk 0:01:46]}
20. f5 {[%clk 0:09:34]} Nxd5 {[%clk 0:00:43]} 21. cxd5 {[%clk 0:09:42]} Ne5
{[%clk 0:00:46]} 22. Bxe4 {[%clk 0:06:18]} Qf8 {[%clk 0:00:41]} 23. fxg6+
{[%clk 0:02:45]} hxg6 {[%clk 0:01:02]} 24. Qf4 {[%clk 0:02:24]} Qxa3
{[%clk 0:00:53]} 25. Qxe5 {[%clk 0:02:51]} Qd6 {[%clk 0:00:48]} 26. Qg5
{[%clk 0:02:50]} f5 {[%clk 0:00:42]} 27. Bd4 {[%clk 0:02:18]} Rh5
{[%clk 0:00:58]} 28. Qc1 {[%clk 0:02:19]} Bd7 {[%clk 0:01:06]} 29. Bf3
{[%clk 0:01:54]} Rh7 {[%clk 0:01:21]} 30. Re1 {[%clk 0:01:52]} Ra8
{[%clk 0:01:09]} 31. Bc5 {[%clk 0:01:41]} Qf6 {[%clk 0:01:35]} 32. d6
{[%clk 0:01:15]} Re8 {[%clk 0:01:02]} 33. Qc4+ {[%clk 0:00:34]} Re6
{[%clk 0:00:32]} 34. Bd5 {[%clk 0:00:37]} b5 {[%clk 0:00:56]} 35. Bxe6+
{[%clk 0:00:39]} Qxe6 {[%clk 0:01:01]} 36. Qc1 {[%clk 0:00:31]} Qa2
{[%clk 0:01:09]} 37. h4 {[%clk 0:00:33]} Kg8 {[%clk 0:01:09]} 38. Qg5
{[%clk 0:00:32]} Rg7 {[%clk 0:01:08]} 39. Bf2 Kh7 {[%clk 0:00:47]} 40. Re7
{[%clk 0:00:36]} Qa1+ {[%clk 0:01:02]} 41. Re1 {[%clk 0:00:33]} Qa3
{[%clk 0:01:15]} 42. Bd4 {[%clk 0:00:34]} Rf7 {[%clk 0:00:00]} 43. Re7 Qb3 44.
Re1 Qa3 45. Re7 Qb3 1-0